Проект "Вальхалла": роман

Bibliografiska uppgifter
Huvudupphovsman: Земсков А. В. Андрей Валентинович
Sammanfattning:Апрель 1945 года. Великая мировая бойня близится к своему завершению. Кое-кто на Западе уже начинает подсчитывать барыши и будущие контрибуции. Однако наиболее дальновидные функционеры Третьего рейха не теряют присутствия духа. Сверхсекретный проект, призванный не только сохранить, но и воплотить в жизнь идеальный Четвертый рейх, должен быть осуществлен любой ценой. По странному капризу Фортуны к эвакуации архивов проекта оказывается привлеченным сверхсекретный агент русских Алекс фон Зихард. Естественно, его начальство в Москве не отказалось от столь великолепного шанса внести в дело свои коррективы...
Språk:ryska
Publicerad: Москва, Вече, 2010
Serie:Секретный фарватер
Ämnen:
Materialtyp: Bok
KOHA link:https://koha.lib.tpu.ru/cgi-bin/koha/opac-detail.pl?biblionumber=189281

MARC

LEADER 00000nam0a2200000 4500
001 189281
005 20231031175207.0
010 |a 9785953342346 
035 |a (RuTPU)RU\TPU\book\205678 
090 |a 189281 
100 |a 20101222d2010 m y0rusy50 ca 
101 0 |a rus 
102 |a RU 
105 |a y z 000ay 
200 1 |a Проект "Вальхалла"  |e роман  |f А. В. Земсков 
210 |a Москва  |c Вече  |d 2010 
215 |a 384 с. 
225 1 |a Секретный фарватер 
330 |a Апрель 1945 года. Великая мировая бойня близится к своему завершению. Кое-кто на Западе уже начинает подсчитывать барыши и будущие контрибуции. Однако наиболее дальновидные функционеры Третьего рейха не теряют присутствия духа. Сверхсекретный проект, призванный не только сохранить, но и воплотить в жизнь идеальный Четвертый рейх, должен быть осуществлен любой ценой. По странному капризу Фортуны к эвакуации архивов проекта оказывается привлеченным сверхсекретный агент русских Алекс фон Зихард. Естественно, его начальство в Москве не отказалось от столь великолепного шанса внести в дело свои коррективы... 
610 1 |a русская литература 
610 1 |a романы 
610 1 |a военные приключения 
675 |a Р2  |v 3 
700 1 |a Земсков  |b А. В.  |g Андрей Валентинович 
801 1 |a RU  |b 63413507  |c 20101222 
801 2 |a RU  |b 63413507  |c 20101229  |g RCR 
942 |c BK